Colombia biodiversidad siglo XXI (Registro nro. 1734)

Detalles MARC
000 -CABECERA
Campo de control 01038nam a2200301 a 4500
005 - FECHA Y HORA DE LA ULTIMA TRANSACCION
Campo de control 20200104041524.0
008 - ELEMENTOS DE LONGITUD FIJA—INFORMACION GENERAL
Campo de control 140121b1998 ck ||||| |||| 00| 0 spa d
040 ## - FUENTE DE CATALOGACIÓN
Agencia catalogadora original CO-BoIAVH
Agencia transcriptora CO-BoIAVH
041 ## - IDIOMA
Código de idioma para texto/pista de sonido o título separado Español
044 ## - PAÍS DE PUBLICACIÓN
País de publicación Colombia
090 ## - CLASIFICACIÓN LOCAL
Colección IAvH
Consecutivo 00103
110 ## - ASIENTO PRINCIPAL--NOMBRE CORPORATIVO
Unidad subordinad Asociación Colombiana de Herbarios
9 (RLIN) 4352
245 ## - MENCION DE TITULO
Título Colombia biodiversidad siglo XXI
Parte restante del título Agenda de investigación en sistemática
260 ## - PUBLICACION, DISTRIBUCION, ETC. (PIE DE IMPRENTA)
Lugar de publicación, distribución, etc. Bogotá
Nombre del editor, distribuidor, etc. ACH
-- ICN
-- Instituto Alexander von Humboldt
-- COLCIENCIAS
Fecha de publicación, distribución, etc. 1998
300 ## - DESCRIPCION FISICA
Extensión 43 p.
650 ## - ASIENTO SECUNDARIO DE MATERIA - TERMINO TEMATICO
Término temático o nombre geográfico como elemento de entrada Sistemática
9 (RLIN) 3510
650 ## - ASIENTO SECUNDARIO DE MATERIA - TERMINO TEMATICO
Término temático o nombre geográfico como elemento de entrada Investigación científica
9 (RLIN) 87575
650 ## - ASIENTO SECUNDARIO DE MATERIA - TERMINO TEMATICO
Término temático o nombre geográfico como elemento de entrada Biodiversidad
9 (RLIN) 92204
650 ## - ASIENTO SECUNDARIO DE MATERIA - TERMINO TEMATICO
Término temático o nombre geográfico como elemento de entrada Inventarios
9 (RLIN) 92201
650 ## - ASIENTO SECUNDARIO DE MATERIA - TERMINO TEMATICO
Término temático o nombre geográfico como elemento de entrada Filogenia
9 (RLIN) 87578
650 ## - ASIENTO SECUNDARIO DE MATERIA - TERMINO TEMATICO
Término temático o nombre geográfico como elemento de entrada Distribución geográfica
9 (RLIN) 87579
662 ## - ASIENTO SECUNDARIO DE MATERIA - JERARQUIA DEL NOMBRE DE LUGAR(
País o entidad mayor Colombia
710 ## - ASIENTO SECUNDARIO - NOMBRE CORPORATIVO
Nombre corporativo o de jurisdicción como elemento de entrada Colciencias
9 (RLIN) 87580
710 ## - ASIENTO SECUNDARIO - NOMBRE CORPORATIVO
Nombre corporativo o de jurisdicción como elemento de entrada Colombia. Ministerio del Medio Ambiente
9 (RLIN) 92230
710 ## - ASIENTO SECUNDARIO - NOMBRE CORPORATIVO
Nombre corporativo o de jurisdicción como elemento de entrada Universidad Nacional de Colombia
9 (RLIN) 65
710 ## - ASIENTO SECUNDARIO - NOMBRE CORPORATIVO
Nombre corporativo o de jurisdicción como elemento de entrada Instituto de Investigación de Recursos Biológicos Alexander von Humboldt
9 (RLIN) 204
942 ## - ELEMENTOS ADICIONALES (KOHA)
Tipo de ítem Libro
Koha issues (borrowed), all copies 1
Sistema de clasificación Dewey Decimal Classification
Existencias
Withdrawn status Lost status Sistema de Clasificación Damaged status No para préstamo Colección Inventariado Ubicación Permanente Ubicación actual Fecha de adquisición Fuente de Valor Valor Total Checkouts Número topográfico Inventario / Código de Barras Date last seen Ejemplar Price effective from Forma de adquisición Tipo de material Date checked out
    Dewey Decimal Classification     Humboldt Inventariado 2017 Bogotá Bogotá 14/11/2001   30000.00   IAvH-578.012 A83a 014020 04/12/2012 Ej. 1 04/12/2012 Institucional Libro  
    Dewey Decimal Classification     Humboldt Inventariado 2017 Bogotá Bogotá 14/11/2001   30000.00   IAvH-578.012 A83a 014021 04/12/2012 Ej. 2 04/12/2012 Institucional Libro  
    Dewey Decimal Classification     Humboldt Inventariado 2017 Bogotá Bogotá 17/07/2013   30000.00   IAvH-578.012 A83a 017716 17/07/2013 Ej. 3 17/07/2013 Institucional Libro  
    Dewey Decimal Classification     Humboldt Inventariado 2017 Bogotá Bogotá 17/07/2013   30000.00 1 IAvH-578.012 A83a 058259 17/01/2014 Ej. 4 17/07/2013 Institucional Libro 16/01/2014
    Dewey Decimal Classification     Humboldt Inventariado 2017 Sala Fabio Quevedo Sala Fabio Quevedo 18/07/2014 Renjifo, Luis Miguel 30000.00   IAvH-578.012 A83a 004033 04/12/2012 Ej. 5 04/12/2012   Libro  
    Dewey Decimal Classification     Humboldt Inventariado 2017 Sala Fabio Quevedo Sala Fabio Quevedo 18/07/2014   30000.00   IAvH-578.012 A83a 019108 04/12/2012 Ej. 6 04/12/2012   Libro  
    Local     Humboldt Inventariado 2017 Villa de Leyva Villa de Leyva 07/01/1999 Renjifo, Luis Miguel 30000.00   IAvH-00103 004032 04/12/2012 Ej. 1 04/12/2012 Institucional Libro